| 000 | 00792nam a2200241 a 4500 | ||
|---|---|---|---|
| 001 | 60902 | ||
| 003 | BD-RjUL | ||
| 005 | 20211209080908.0 | ||
| 008 | 170104s1985 nyua b 001 0 eng d | ||
| 035 | _a(BD-RjUL)61026 | ||
| 040 |
_aDLC _cDLC _dDLC _bBD-RjUL |
||
| 082 | 0 | 0 |
_a658.3 _223 _bMIP 1985 |
| 100 | 1 |
_aMiner, John B. _9181575 |
|
| 245 | 1 | 0 |
_aPersonnel and industrial relations : _ba managerial approach / _cJohn B. Miner, Mary Green Miner. |
| 250 | _a4th ed, | ||
| 260 |
_aNew York ; _aLondon : _bMacmillan ; _bCollier Macmillan, _cc1985. |
||
| 300 |
_axvi, 683 p. : _bill. ; _c25 cm. |
||
| 504 | _aIncludes bibliographies and indexes. | ||
| 650 | 0 |
_aPersonnel management. _9170518 |
|
| 650 | 0 |
_aIndustrial relations. _9172462 |
|
| 700 | 1 |
_aMiner, Mary Green. _9181576 |
|
| 942 |
_2ddc _cBK |
||
| 999 |
_c60902 _d60902 |
||